Crisis estructurales /
El autor realiza una análisis del sistema-mundo capitalista y sobre el escenario que se ha dibujado tras el crack de 2008, que contempla los desequilibrios actuales como la conjunción del declive cíclico y de las tendencias seculares, destacando la naturaleza de las luchas futuros que tienen como pe...
Guardat en:
| Autor principal: | |
|---|---|
| Format: | Text |
| Matèries: | |
| Etiquetes: |
Afegir etiqueta
Sense etiquetes, Sigues el primer a etiquetar aquest registre!
|
MARC
| LEADER | 00000 a a2200000 04500 | ||
|---|---|---|---|
| 001 | 41463 | ||
| 003 | |||
| 040 | |||
| 100 | |a Wallerstein, Immanuel | ||
| 245 | |a Crisis estructurales / |c Immanuel Wallerstein | ||
| 520 | |a El autor realiza una análisis del sistema-mundo capitalista y sobre el escenario que se ha dibujado tras el crack de 2008, que contempla los desequilibrios actuales como la conjunción del declive cíclico y de las tendencias seculares, destacando la naturaleza de las luchas futuros que tienen como perspectiva un orden global más justo, igualitario y razonable. | ||
| 590 | |a DISEMINAR072011/RRA/AGOSTO2011 | ||
| 650 | |a RECESION ECONOMICA | ||
| 650 | |a HEGEMONIA | ||
| 650 | |a CICLOS ECONOMICOS | ||
| 650 | |a SISTEMA SOCIAL | ||
| 650 | |a CAMBIO SOCIAL | ||
| 650 | |a CAPITALISMO | ||
| 650 | |a DEMOCRACIA | ||
| 773 | |g número62 (2010), páginas 127-136 | ||
| 999 | |c 22857 |d 22857 | ||
